书目信息 |
| 题名: |
国防教育
|
|
| 作者: | 任志强 , 汪庆荣 , 王江琦 | |
| 分册: | ||
| 出版信息: | 北京 高等教育 2004 |
|
| 页数: | 130页 | |
| 开本: | 26cm | |
| 丛书名: | 新世纪高职高专教改项目成果教材 | |
| 单 册: | ||
| 中图分类: | G711 | |
| 科图分类: | ||
| 主题词: | 教育--类型 | |
| 电子资源: | ||
| ISBN: | 7-04-014223-6 | |
| 000 | 00704nam0 2200229 450 | |
| 001 | 0753865015 | |
| 005 | 20070818145745.01 | |
| 010 | @a7-04-014223-6@d¥11.00 | |
| 100 | @a20070818d km y0chiy0120 ea | |
| 101 | 0 | @achi |
| 200 | 1 | @a国防教育@Aguo fang jiao yu@f汪庆荣,王江琦,任志强@Fwang qing rong,wang jiang qi,ren zhi qiang |
| 210 | @a北京@c高等教育@d2004 | |
| 215 | @a130页@d26cm | |
| 225 | 2 | @a新世纪高职高专教改项目成果教材 |
| 410 | 0 | @12001 @a新世纪高职高专教改项目成果教材 |
| 606 | 0 | @a教育@x类型 |
| 690 | @aG711@v3 | |
| 701 | 0 | @a任志强@Aren zhi qiang |
| 701 | 0 | @a汪庆荣@Awang qing rong |
| 701 | 0 | @a王江琦@Awang jiang qi |
| 801 | 0 | @aCN@bPFT@c20070818 |
| 905 | @a213230@dG711@ee363@f1 | |
| 国防教育/汪庆荣,王江琦,任志强.-北京:高等教育,2004 |
| 130页;26cm.-(新世纪高职高专教改项目成果教材) |
| ISBN 7-04-014223-6:¥11.00 |
| ● |
| 相关链接 |
|
|
|
|
正题名:国防教育
索取号:G711/e363
 
预约/预借
| 序号 | 登录号 | 条形码 | 馆藏地/架位号 | 状态 | 备注 |
| 1 | 6303949 | 263039492 | 教育系资料室/ [索取号:G711/e363] | 在馆 | |
| 2 | 6303950 | 263039508 | 教育系资料室/ [索取号:G711/e363] | 在馆 |